| 000 | 00707nam a2200253Ia 4500 | ||
|---|---|---|---|
| 003 | OSt | ||
| 005 | 20221007110218.0 | ||
| 006 | a|||||r|||| 00| 0 | ||
| 007 | ta | ||
| 008 | 221006b |||||||| |||| 00| 0 eng d | ||
| 024 | _a20,617 | ||
| 037 | _cTextual | ||
| 040 |
_aLCO _cLCO _beng |
||
| 041 |
_2eng _aeng |
||
| 082 | _aZ1,218, K9 | ||
| 100 |
_aMcWhinney Wdward Ed. _9707242 |
||
| 245 | 0 | _aNew Frontiers in Space Law | |
| 260 |
_aLeyden _bA.W.Sijthoff Netherland _c1969 |
||
| 300 | _a134 | ||
| 650 |
_aSPACE LAW _9690559 |
||
| 700 |
_a Bradley Martin A. Ed. _9707243 |
||
| 942 |
_hZ1,218, K9 _cTEXL |
||
| 999 |
_c1190180 _d1190180 |
||